00276nam a22001097a 450000500170000002000110001703700240002824500330005226000350008527000220012030000240014220120628112646.0 c250.00 adplbK .K.Pub / ven aIllustrated dictionery of IT aNoidabSaraswat Book Pubc2011 aG-9 Sec-22bNoida a190pg, iillusc22cm